Quizzes
Events
Quiz Creation
Community
Videos
Private Events
Remove Ads
Sign In
Join for FREE
Feedback
Dark Mode
Quiz Categories
Sports
Geography
Music
Movies
Television
Just For Fun
Miscellaneous
History
Literature
Language
Science
Gaming
Entertainment
Religion
Holiday
For Kids
Quiz Lab
Recent
Popular Today
Quiz Kudos Today
Editor Picks
Curator Picks
Quizzes by...
Day
Popularity
Type
Ratings
Length
Year
Community
Subscriptions
Recent Discussions
Orange Saloon
Badges
Playlists
Quests
Create
Leaderboards
Showdown
Live 5
Trivia Bingo
Activity
Puzzle Library
Sporcle Events
Private Events
Virtual Trivia
Globe League
Become a Host
Pub Owners
SporcleCon
Opinionation
Our Games
Videos
Blog
Mobile Apps
Partnerships
Remove Ads and Go Orange
Feedback
Miscellaneous
Crossword
General Knowledge
Baby Names
Logo
Food
Cars
Numbers
Grab Bag
University
College
Popular
Company
Slogans
Restaurants
Justice
Letter
Miscellaneous
Crossword
General Knowledge
Baby Names
Logo
Food
Cars
Numbers
Grab Bag
University
College
Popular
Company
Slogans
Restaurants
Justice
Letter
Random Quiz
Search Sporcle
×
Featured
Featured
Miscellaneous
Company
Type in answers that appear in a list
Type in answers that appear in a list
Classic
Best Score? Go Orange.
Products by Slogan: A to Z Stats
Can you name the products or companies when given a past or present slogan?
By
whssox
3m
26 Questions
20.6K Plays
20,639 Plays
20,639 Plays
Comments
Comments
Give Quiz Kudos
Give Quiz Kudos
-
- Ratings
hide this ad
Replay
Link that replays current quiz
Next Quiz
Link to next quiz in quiz playlist
You Got
0%
They Got
Avg Score
59%
Avg Friend Score
Upgrade to see
Score Distribution
Jump to the score distribution portion of the page
Score
0/26
Timer
03:00
0
Plays Today
Hint
Answer
% Correct
Just Do It
Nike
94%
Finger Lickin' Good
KFC
92.3%
I'm Lovin' It
McDonald's
90.8%
They're Grrrrrrreat!
Frosted Flakes
88.7%
Milk's Favorite Cookie
Oreo
85.7%
Taste the Rainbow
Skittles
84.9%
Snap! Crackle! Pop!
Rice Krispies
83.9%
The Happiest Place on Earth
Disneyland
72.5%
The Quicker Picker-
Upper
Bounty
71.5%
The Breakfast of Champions
Wheaties
64.1%
It Keeps Going...and Going... and Going
Energizer
60.7%
Can You Hear Me Now?
Verizon Mobile
60%
So Easy a Caveman Can Do It
Geico
58.5%
Hint
Answer
% Correct
What Can Brown Do For You?
UPS
57.9%
The Document Company
Xerox
57.7%
Broadcast Yourself
YouTube
54.4%
The Diamond Store
Zales
53.4%
When You Care Enough to Send the Very Best
Hallmark
50.8%
Don't Leave Home Without It
American Express
46.6%
Takes a Licking and Keeps on Ticking
Timex
45.7%
Mmm, Mmm, Good!
Campbell's
43.3%
You're the Reason We Fly
Qantas
42.5%
Taste of a New Generation
Pepsi
39.3%
THINK
IBM
32.5%
Quality Never Goes Out of Style
Levi's
8.9%
Do Anything
Jeep
3.1%
Quiz Playlist
Details
Report
Send in Message
Add To Playlist
Classic:
Type in answers that appear in a list
Last Updated: Jul 8, 2020
Featured
Curator Pick in
Slogans
Quiz Scoreboard
CHALLENGE
Sign Up to Join the Scoreboard
Show All
Scores
Hide
Comments
May contain spoilers
Recently Published
Movies - When Are They Set?
by FPL_Elf
Movies
5m
Popular People in 1961
by mucciniale
History
6m
1-10 Letter E Words III
by El_Dandy
Language
2m
More to Explore
Quiz From the Vault
Featured Blog Post
Where Did the Easter Bunny Come From?
hide this ad
You Might Also Like...
Tags
Company Quiz
Letter Quiz
Slogans Quiz
Today's Top Quizzes in Miscellaneous
Browse Miscellaneous
hide this ad
Today's Top Quizzes in Company
Browse Company
Top Contributed Quizzes in Miscellaneous
1
5-to-1: Fast Food
2
The JOE quick-fire general knowledge quiz: Day 173
3
The JOE quick-fire general knowledge quiz: Day 172
4
Sunday Crossword: Famous Bodies of Water
5
The JOE quick-fire general knowledge quiz: Day 171
6
One Thing in Common: United Kingdom II
7
Named After an Animal - Odd One Out!
8
The JOE quick-fire quiz: Day 170
9
sort kpop groups by number of members
10
Sunday Crossword: Themeless #5
Explore More
Trending Topics
Anime
Harry Potter
Marvel
Kpop
NBA
Disney
Crossword
WWE
Country
Song
NFL
Puzzle
Pokémon
The Office
Soccer
hide this ad
More By:
whssox
Quiz
Plays
Rating
Category
Featured
Created
10 to 1: 80s Pop Songs
69,773
4.76
Music
Dec 5, 2018
Disney Movies in Spanish
49,977
4.79
Language
Feb 20, 2019
'90s Songs Missing 'ing' Words
47,918
4.73
Music
Nov 3, 2019
Movies Missing 'ing' Words
43,771
4.74
Movies
Nov 2, 2019
'70s Songs Missing 'ing' Words
43,769
4.80
Music
Nov 28, 2019
Go to Creator's Profile
Score Distribution
Quiz Creator Spotlight
whssox
Follow
Send a Message
Quizzes Created
-
Created Quiz Play Count
-
More By This Creator
Popular Quizzes Today
1
Find the Countries of Europe - No Outlines Minefield
2
Find the US States - No Outlines Minefield
3
The Countries of the World
4
Popular People in 1961
5
US States
6
1-10 Letter E Words III
7
Find the US States
8
One Thing in Common: World Cities II
More Miscellaneous Quizzes
Sunday Crossword: Can You Solve This Now?
Published
Trending Quizzes
Risky Map Clicking: Least Populous States A-Z
1-10 Letter F Words
1-10 Letter G Words
One Thing in Common: United Kingdom
Risky Map Clicking: Next State Alphabetically
Recently Updated
Leaping Animals
pecheneg
Reality TV Shows (A-Z)
bhenderson79
Rickey Henderson's Hall of Fame Teammates
pecheneg
Champions League XIs: Arsenal
pecheneg
Quick Pick: Celebrities in WWE's Hall of Fame
aduchscher
A-Z Keypad Blitz II
pecheneg
Multiple Oscar Actors
pecheneg
Mystery Phrase Blitz: Oscar 'Best Actors'
pecheneg
F. Scott Fitzgerald Novels
LTH
Pick 3 Villains
ddd62291
Trending Topics
Harry Potter
Marvel
NBA
Disney
Crossword
Anime
Kpop
NFL
Puzzle
Pokémon
The Office
Song
WWE
Soccer
Country
Your Account Isn't Verified!
In order to create a playlist on Sporcle, you need to verify the email address you used during registration. Go to your
Sporcle Settings
to finish the process.
Report this User
Report this user for behavior that violates our
Community Guidelines
.
Details:
Send Report
Go to the Sporcle.com Mobile Site →
Comments